000 00623nam a22001817a 4500
003 UA-OsUOA
001 25567
007 ta
008 20040326b un ||||| |||| 00| 0 ukr d
100 _aЗаросинський Ю.
942 _cSA
040 _aUA-OsUOA
_cUA-OsUOA
_dUA-OsUOA
245 _aПричини і умови злочинності неповнолітніх потребують теоретичного і практичного розроблення
300 _aС.64-67
955 _a0
773 0 _w0
_tПраво України
_dКиїв
_d2004
_gN3
650 7 _aКримінальне право
_2UDC
999 _c311865
_d311865